MDQL
is popping MORE tags! Check the
thread
!
Quizzes
Events
Quiz Creation
Community
Videos
Private Events
Remove Ads
Sign In
Join for FREE
Feedback
Dark Mode
Quiz Categories
Sports
Geography
Music
Movies
Television
Just For Fun
Miscellaneous
History
Literature
Language
Science
Gaming
Entertainment
Religion
Holiday
For Kids
Quiz Lab
Recent
Popular Today
Quiz Kudos Today
Editor Picks
Curator Picks
Quizzes by...
Day
Popularity
Type
Ratings
Length
Year
Community
Subscriptions
Recent Discussions
Orange Saloon
Badges
Playlists
Quests
Create
Leaderboards
Showdown
Live 5
Trivia Bingo
Activity
Puzzle Library
Sporcle Events
Private Events
Virtual Trivia
Globe League
Become a Host
Pub Owners
SporcleCon
Opinionation
Our Games
Videos
Blog
Mobile Apps
Partnerships
Remove Ads and Go Orange
Feedback
Music
Pop Music
The Beatles
Song
Album
Lyrics
Bands
Singers
Artist
Clip
Rock
Rap
Classical
Billboard
Country Music
Kpop
Taylor Swift
Music
Pop Music
The Beatles
Song
Album
Lyrics
Bands
Singers
Artist
Clip
Rock
Rap
Classical
Billboard
Country Music
Kpop
Taylor Swift
Random Quiz
Search Sporcle
×
Quiz Lab
Quiz Lab
Music
Down
Type in answers that appear in a list
Type in answers that appear in a list
Classic
Best Score? Go Orange.
Where to go? Down in Kokomo Stats
Can you name the Where to go? Down in Kokomo?
By
Fuzzyhippos
8m
9 Questions
86 Plays
86 Plays
86 Plays
Comments
Comments
Give Quiz Kudos
Give Quiz Kudos
-
- Ratings
hide this ad
Random Order
Randomize order of answers
Randomize order of answers
Replay
Link that replays current quiz
Next Quiz
Link to next quiz in quiz playlist
You Got
0%
They Got
Avg Score
78%
Avg Friend Score
Upgrade to see
Score Distribution
Jump to the score distribution portion of the page
Score
0/9
Timer
08:00
0
Plays Today
That's where we want to go...
% Correct
Bahama
97.7%
Aruba
94.2%
Jamaica
94.2%
Key Largo
93%
Bermuda
90.7%
Montego
82.6%
Port-au-Prince
55.8%
Montserrat
52.3%
Martinique
47.7%
Quiz Playlist
Details
Report
Send in Message
Add To Playlist
Classic:
Type in answers that appear in a list
Random Order:
Randomize order of answers
Quiz Source
Last Updated: Feb 16, 2017
Quiz Scoreboard
CHALLENGE
Sign Up to Join the Scoreboard
Show All
Scores
Hide
Comments
May contain spoilers
Recently Published
Holiday 10x10 Sorting Gallery
by lukepisani3
Holiday
15m
Two Season TV Shows II
by 123Four
Television
10m
Image Sorting: Flags VI
by Barbecue
Geography
2m
More to Explore
Quiz From the Vault
Featured Blog Post
14 Easter Pick-up Lines to Find Eggs With
hide this ad
You Might Also Like...
Tags
Down
Today's Top Quizzes in Music
Browse Music
hide this ad
Today's Top Quizzes in Down
Browse Down
Top Contributed Quizzes in Music
1
5X2 Blitz: Bands II
2
Taylor Swift All Songs (2024)
3
5X2 Blitz: The Beatles
4
5X2 Blitz: Billboard
5
Music Artist by Three 2010s hits
6
5X2 Blitz: Billboard II
7
5X2 Blitz: Album
8
5X2 Blitz: Rock
9
5X2 Blitz: Singers
10
5X2 Blitz: Lyrics
Explore More
Trending Topics
NBA
Kpop
Crossword
Disney
Anime
Marvel
Harry Potter
NFL
The Office
Soccer
Puzzle
Country
Song
Pokémon
WWE
hide this ad
More By:
Fuzzyhippos
Quiz
Plays
Rating
Category
Featured
Created
1 Through 10 Romantically
20,535
4.62
Language
Mar 24, 2011
England vs Great Britain vs United Kingdom
2,039
2.68
Geography
Feb 20, 2013
I Put a Spell on You
997
3.10
Holiday
Oct 3, 2013
Towns of Bergen County, NJ
723
4.50
Geography
Dec 8, 2009
Clasic Animated Disney Films en Français
706
5.00
Movies
Dec 26, 2012
Go to Creator's Profile
Score Distribution
Quiz Creator Spotlight
Fuzzyhippos
Follow
Send a Message
Quizzes Created
-
Created Quiz Play Count
-
More By This Creator
Popular Quizzes Today
1
Find the US States - No Outlines Minefield
2
Colored Red Africa Blitz
3
Find the 'City' Movie
4
The Countries of the World
5
5x2 Blitz: Bands
6
Find the US States
7
Find the Countries of Europe - No Outlines Minefield
8
US States
More Music Quizzes
Name The K-Pop Idols
Quiz Lab
Trending Quizzes
Colored Red Europe Blitz I
Colored Red Europe Blitz II
Colored Red Africa Blitz II
Colored Red Europe Blitz III
Colored Red Africa Blitz III
Recently Updated
Odd Team Out - Big 4 Players
pecheneg
Quick Pick: 20 Twenties
pecheneg
March Madness Men's Triple Doubles
pecheneg
How Do You Spell That?
pecheneg
Godzilla Movies
pecheneg
Grab Bag: 4-10 Letters
pecheneg
2024 March Madness Bracket
pecheneg
Famous TV Couples
Peacemaker
Champions League XIs: Real Madrid
pecheneg
Largest US Cities 1790-2010
pecheneg
Trending Topics
NBA
Harry Potter
Disney
Crossword
Marvel
Kpop
Anime
Puzzle
The Office
Song
WWE
Country
Soccer
NFL
Pokémon
Your Account Isn't Verified!
In order to create a playlist on Sporcle, you need to verify the email address you used during registration. Go to your
Sporcle Settings
to finish the process.
Report this User
Report this user for behavior that violates our
Community Guidelines
.
Details:
Send Report
Go to the Sporcle.com Mobile Site →
Comments